00859nam a2200157Ia 4500008004100000020001800041050002000059100003700079245007700116260003500193300005400228500002500282505032300307650003900630700003200669120721s2009 mx ab 000 0 spa d a9789682405075 4aG73 bA95 r2009 aAyllón Torres, María Teresa.10aGeografía b: bachillerato SEP /cTeresa Ayllón; Lourdes Avendaño aMéxico b: Trillasc, 2009. a256 p. b: ilustraciones, mapas ,tablasc, 24 cm. aReimpresión, 2009. aIntroducción al estudio de la geografía Geografía comociencia mixta Representaciones terrestres Tierra como astro Planeta Tierra Litosfera Fuerzas internas Fuerzas externas que modifican el relieve Hidrosfera Aguas continentales Atmósfera Biosfera Población Actividades económicas Organización política 0aGEOGRAFÍAxESTUDIO Y ENSEÑANZA aAVENDAÑO, Lourdes, coaut.